| 000 | 00933nam0a22002531 4500 | ||
|---|---|---|---|
| 001 | rc\4699583 | ||
| 005 | 20260407145541.0 | ||
| 021 |
_aRU _bРг4992 |
||
| 021 |
_aRU _b61-26521 |
||
| 035 | _a(NLR Aleph) 008431925 | ||
| 090 |
_a9422838 _c9422838 |
||
| 100 | _a20130416d1961 |||y0rusy50 ca | ||
| 101 | 0 | _arus | |
| 102 | _aRU | ||
| 105 | _ay z ||||| | ||
| 200 | 1 |
_aОрганизационно-технические мероприятия по снижению себестоимости перевозок в 1961 году на Сталинской железной дороге _fСССР МПС. Сталин. ж. д. |
|
| 210 |
_aДнепропетровск _cБ. и. _d1961 |
||
| 215 |
_a46 с. _d20 |
||
| 710 | 0 | 2 |
_aПриднепровская железная дорога _3RU\NLR\AUTH\8810022385 _9542777 |
| 801 | 0 |
_aRU _bNLR _gpsbo |
|
| 801 | 1 |
_aRU _bELAR _2rusmarc |
|
| 852 |
_aNLR _j61-4/6199 |
||
| 942 | _cBOOK | ||
| 980 | _aNB | ||